000 00768cam a2200253Ia 4500
008
020 _a9780323278010 (pbk.)
049 _aMAIN
090 _aREF RM301.12
_bSKI
100 1 _aSkidmore-Roth, Linda.
245 1 0 _aMosby's 2015 nursing drug reference /
_cLinda Skidmore-Roth.
250 _a28th ed.
260 _a St Louis, MO :
_bElsevier Mosby,
_cc2015
300 _aix, 1363 p. :
_bill. ;
_c20 cm.
500 _aIncludes index.
650 0 _aDrugs
_vHandbooks, manuals, etc.
650 0 _aNursing
_vHandbooks, manuals, etc.
655 7 _aHandbooks, manuals, etc.
907 _a.b10363178
_b29-10-15
_c08-10-15
003
005 20230120204200.0
040 _cNUST
942 _cBOOKS
_kREF RM301.12
_mSKI
999 _c118631
_d118631